00465 2200181 4500001002100000005001500021008004100036020002200077035001900099041000700118082001100125090001700136100001600153245002700169260003300196300002400229650003000253INLIS00000000001941720241224115708241224||||||||| | ||| |||| || |  a978-602-391-119-6 0010-1224019417 aid0 a616.92 a616.92 NAD b0 aNadia Putri00aBuku Pintar Virus Zika aYogyakartabFlashBooksc2016 a92 hlmn; 14 x 20 cm 0akesehatan -- Ilmu Terapan